00228nam a2200097 a 450000500170000000800410001705000180005824500230007665000090009965000220010820141022142000.0090305s19uu xx 00 eng d aVHSbP75 1961 aRaisin of the sun. aVHS. aRaisin of the sun